Ölkə paytaxtları (Xəritəli) - Statistics

General Stats
  • This quiz has been taken 55 times
    29 since last reset
  • The average score is 52 of 196
Answers on the Map
Answers color-coded by a green-red scale on the quiz's map according to % correct below.
 
Answer Stats
Ölkə Paytaxt % Correct
Azərbaycan Bakı
83%
İspaniya Madrid
83%
Turkiyə Ankara
78%
Ermənistan İrəvan
78%
Rusiya Moskva
78%
Fransa Paris
78%
İtaliya Roma
78%
Gürcüstan Tbilisi
78%
Almaniya Berlin
72%
Portuqaliya Lissabon
72%
Böyük Britaniya London
72%
Çin Pekin
72%
İran Tehran
72%
Yaponiya Tokio
72%
Ukrayna Kiyev
67%
Norveç Oslo
67%
Misir Qahirə
67%
Bolqarıstan Sofiya
67%
Niderland Amsterdam
61%
Macarıstan Budapeşt
61%
Suriya Dəməşq
61%
İrlandiya Dublin
61%
Səudiyyə Ərəbistanı Ər-Riyad
61%
Qazaxıstan Astana
56%
İraq Bağdad
56%
İndoneziya Cakarta
56%
Finlandiya Helsinki
56%
Danimarka Kopenhagen
56%
Meksika Mexiko
56%
Çexiya Praqa
56%
İsveç Stokholm
56%
Monqolustan Ulan-Bator
56%
Polşa Varşava
56%
Avstriya Vyana
56%
Hindistan Yeni Dehli
56%
Türkmənistan Aşqabad
50%
İsveçrə Bern
50%
Özbəkistan Daşkənd
50%
Pakistan İslamabad
50%
Moldova Kişinyov
50%
Monako Monako
50%
İslandiya Reykyavik
50%
Bosniya və Herseqovina Sarayevo
50%
ABŞ Vaşinqton
50%
Vatikan Vatikan
50%
Yunanıstan Afina
44%
Braziliya Brazilia
44%
Belçika Brüssel
44%
Rumıniya Buxarest
44%
Nepal Katmandu
44%
Kanada Ottava
44%
İsrail Qüds
44%
Latviya Riqa
44%
Cənubi Koreya Seul
44%
Estoniya Tallin
44%
Litva Vilnüs
44%
Serbiya Belqrad
39%
Slovakiya Bratislava
39%
Tacikistan Düşənbə
39%
Efiopiya Əddis-Əbəbə
39%
Avstraliya Kanberra
39%
Filippin Manila
39%
Belarus Minsk
39%
Kosovo Priştina
39%
Çili Santyaqo
39%
Şimali Makedoniya Skopye
39%
Albaniya Tirana
39%
Xorvatiya Zaqreb
39%
İordaniya Amman
33%
Andorra Andorra la Vella
33%
Qırğızıstan Bişkek
33%
Argentina Buenos Ayres
33%
Vyetnam Hanoy
33%
Əfqanıstan Kabil
33%
Küveyt Küveyt
33%
Lüksemburq Lüksemburq
33%
Kipr Nikosiya
33%
Monteneqro Podqoritsa
33%
San-Marino San-Marino
33%
Lixtenşteyn Vaduts
33%
Kolumbiya Boqota
28%
Qətər Doha
28%
Birləşmiş Ərəb Əmirlikləri Əbu-Dabi
28%
Kuba Havana
28%
Peru Lima
28%
Sinqapur Sinqapur
28%
Liviya Tripoli
28%
Malta Valletta
28%
Tayland Banqkok
22%
Lebanon Beirut
22%
Banqladeş Dəkkə
22%
Əlcəzair Əlcəzair
22%
Venesuela Karakas
22%
Sloveniya Lyublyana
22%
Maldiv adaları Male
22%
Oman Maskat
22%
Panama Panama
22%
Cənubi Afrika Respublikası Pretoriya | Keyptaun | Blumfonteyn
22%
Şimali Koreya Pxenyan
22%
Mərakeş Rabat
22%
El Salvador San-Salvador
22%
Yəmən Səna
22%
Butan Thimphu
22%
Laos Vyentyan
22%
Nigeriya Abuca
17%
Beliz Belmopan
17%
Cibuti Cibuti
17%
Şərqi Timor Dili
17%
Ekvador Kito
17%
Malayziya Kuala-Lumpur
17%
Boliviya La-Pas | Sukre
17%
Bəhreyn Manama
17%
Nikaraqua Manaqua
17%
Uruqvay Montevideo
17%
Surinam Paramaribo
17%
Kamboca Pnompen
17%
Qvatemala Qvatemala
17%
Kosta-Rika San-Xose
17%
Yeni Zelandiya Vellinqton
17%
Paraqvay Asunsyon
11%
Bruney Bandar Seri Begavan
11%
Qayana Corctaun
11%
Seneqal Dakar
11%
Myanma Naypyida
11%
Keniya Nayrobi
11%
Papua-Yeni Qvineya Port Morsbi
11%
Tayvan Taypey
11%
Honduras Tequsiqalpa
11%
Tunis Tunis
11%
Sudan Xartum
11%
Madaqaskar Antananarivu
6%
Mali Bamako
6%
Mərkəzi Afrika Respublikası Bangi
6%
Konqo Respublikası Brazzavil
6%
Cənubi Sudan Cuba
6%
Eritreya Əsməra
6%
Zimbabve Harare
6%
Ruanda Kiqali
6%
Qvineya Konakri
6%
Qabon Librevil
6%
Somali Moqadişo
6%
Palau Nqerulmud
6%
Haiti Port-o-Prens
6%
San-Tome və Prinsipi San-Tome
6%
Seyşel adaları Victoriya
6%
Namibiya Vindhuk
6%
Qana Akkra
0%
Samoa Apia
0%
Qambiya Banjul
0%
Sent-Kits və Nevis Baster
0%
Qvineya-Bisau Bisau
0%
Barbados Brictaun
0%
Kiribati Cənubi Tarava
0%
Tanzaniya Dodoma
0%
Syerra-Leone Fritaun
0%
Tuvalu Funafuti
0%
Burundi Gitega
0%
Solomon adaları Honiara
0%
Uqanda Kampala
0%
Sent-Lüsiya Kastris
0%
Sent-Vinsent və Qrenadin Kinqstaun
0%
Yamayka Kinqston
0%
Konqo Demokratik Respublikası Kinşasa
0%
Malavi Lilonqve
0%
Toqo Lome
0%
Anqola Luanda
0%
Zambiya Lusaka
0%
Marşall adaları Macuro
0%
Mozambik Maputu
0%
Lesoto Maseru
0%
Esvatini Mbabane
0%
Liberiya Monroviya
0%
Komor adaları Moroni
0%
Baham adaları Nassau
0%
Çad Ncamena
0%
Niger Niamey
0%
Mavritaniya Nuakşot
0%
Tonqa Nukualofa
0%
Mikroneziya Palikir
0%
Mavriki Port-Lui
0%
Trinidad və Tobaqo Port-of-Speyn
0%
Benin Porto-Novo | Kotonu
0%
Vanuatu Port Vila
0%
Kabo-Verde Praya
0%
Botsvana Qaborone
0%
Dominika Rozo
0%
Dominikan Respublikası Santo-Dominqo
0%
Antiqua və Barbuda Sent Cons
0%
Qrenada Sent-Corces
0%
Ekvatorial Qvineya Siudad de la Pas
0%
Şri-Lanka Şri Cayavardenepura Kotte
0%
Fici Suva
0%
Burkina-Faso Uaqaduqu
0%
Kot-d'İvuar Yamusukro
0%
Nauru Yaren
0%
Kamerun Yaunde
0%
No matching quizzes found
Score Distribution
Percent of People with Each Score
Percentile by Number Answered
Your Score History
You have not taken this quiz since the last reset